Historia na literę E - Statystyki

Ogólne statystyki
  • Ten quiz został rozwiązany 101 razy
  • Średni wynik to 13 z 22
Statystyki odpowiedzi
Wskazówka Odpowiedź % Poprawnych
Kraj Kleopatry Egipt
97%
Nazwisko twórcy teorii względności Einstein
94%
Najbardziej znany obiekt architektoniczny Paryża, w momencie jego powstania najwyższy budynek świata Wieża {Eiffla}
90%
Waluta wprowadzona w 2002 r. Używana jest przez 20 państw UE Euro
89%
Jedna z najważniejszych rzek Mezopotamii Eufrat
87%
Wzór na równoważność masy i energii, które opracowane zostało przez powyższego E = mc2
82%
Niemiecka przenośna elektromechaniczna maszyna szyfrująca, używana podczas II wojny światowej Enigma
82%
Państwo niegdyś znane jako Abisynia Etiopia
78%
Najdłużej panująca w historii kobieta - głową państwa Elżbieta II
76%
Król Anglii w latach 1042-1066, święty Kościoła katolickiego i anglikańskiego Edward Wyznawca
69%
Trzecia największa włoska wyspa, w 1814 r. został tam zesłany Napoleon Elba
69%
Nazwisko 34. prezydenta Stanów Zjednoczonych, jego poprzednikiem był Harry Truman Eisenhower
61%
Starożytny lud, który zamieszkiwał północną Italię Etruskowie
53%
Nazwisko głównego pomysłodawcy i twórcy pierwszej elektrowni publicznego użytku Edison
46%
Nazwisko kobiety, która zaginęła w 1937 r. w trakcie próby przelecenia świata dookoła Earhart
42%
Grecki matematyk, uważany za "ojca geometrii" Euklides
40%
Otwarty w 1825 historyczny szlak wodny o długości 584 km, który łączył Atlantyk z Wielkimi Jeziorami Kanał {Erie}
33%
Dawna nazwa Tokio Edo
29%
Autor tragedii "Medea", jeden z najwybitniejszych dramaturgów starożytnej Grecji Eurypides
21%
Skandynawski wiking, który odkrył i nazwał Winlandię Leif {Eriksson}
19%
Przewodniczący Rady Państwa PRL-u w latach 1964-68 Edward Ochab
10%
Pierwszy premier PRL-u Edward Osóbka-Morawski
10%
Nie znaleziono quizów pasujących do podanych kryteriów
Rozkład punktacji
Procent ludzi z każdym wynikiem
Percentyl według liczby udzielonych odpowiedzi
Twoja historia wyników
Nie rozwiązałeś tego quizu